Etude sur Quinte Curce (Record no. 52989)

MARC details
000 -LEADER
campo de control de longitud fija 00544nam a22001815i 4500
001 - NÚMERO DE CONTROL
campo de control 52989
003 - IDENTIFICADOR DE NÚMERO DE CONTROL
campo de control ES-MaACL
005 - FECHA Y HORA DE LA ÚLTIMA TRANSACCIÓN
campo de control 20230906162701.0
007 - CAMPO FIJO DE DESCRIPCIÓN FÍSICA--INFORMACIÓN GENERAL
campo de control de longitud fija t|
008 - DATOS DE LONGITUD FIJA--INFORMACIÓN GENERAL
campo de control de longitud fija 950907s1887 fr ||||1| fre d
040 ## - FUENTE DE CATALOGACIÓN
Centro catalogador/agencia de origen CAM
Lengua de catalogación spa
Centro/agencia transcriptor CAM
100 1# - ENTRADA PRINCIPAL--NOMBRE DE PERSONA
Nombre de persona Dosson, Simon-Noë.
9 (RLIN) 152590
245 10 - MENCIÓN DEL TÍTULO
Título Etude sur Quinte Curce
Resto del título : sa vie et son oeuvre /
Mención de responsabilidad, etc. par S. Dosson.
260 ## - PUBLICACIÓN, DISTRIBUCIÓN, ETC.
Lugar de publicación, distribución, etc. Paris :
Nombre del editor, distribuidor, etc. Hachette et Cie.,
Fecha de publicación, distribución, etc. 1887 (
Fabricante P. Brodard et Gallois)
300 ## - DESCRIPCIÓN FÍSICA
Extensión [6], 384 p. ;
Dimensiones 22 cm.
600 14 - PUNTO DE ACCESO ADICIONAL DE MATERIA--NOMBRE DE PERSONA
Nombre de persona Curcio Rufo, Quinto.
9 (RLIN) 42203
852 ## - LOCALIZACIÓN
Ubicación ES-MaACL
Número de control de estantería F-12738
Holdings
Estatus retirado Estado de pérdida Estado de daño No para préstamo Colección Biblioteca de origen Biblioteca actual Ubicación en estantería Fecha de adquisición Fuente de adquisición Total de préstamos Signatura topográfica completa Código de barras Visto por última vez Precio de reemplazo Tipo de ítem Koha
        Libros del s. XIX Biblioteca del Ateneo de Madrid Biblioteca del Ateneo de Madrid Sala Pecera Planta 2 17/01/2008     F-12738 1055683 23/02/2023 23/02/2023 Libro impreso antiguo